000
00330cam a2200133ua 4500
041
_a
mal
_h
082
_a
894.812 803
_b
PAR/OR
100
_a
Parameswaran, Pillai .
245
_a
Our Atmasuhrutinte Anusmaranam /
_c
G Paramesuaran Pillai.
_h
Textual Documents
300
_a
157 ; .
504
_a
942
_c
BK
999
_c
3746
_d
3746